| 000 | 03296nam0a2200421 4500 | ||
|---|---|---|---|
| 001 | RU\NLR\BIBL_A\022591429 | ||
| 005 | 20260420051327.0 | ||
| 021 |
_aRU _bКН-П-25-032120 _9КН-П-25-3175 |
||
| 035 | _a(NLR Aleph) 022591429 | ||
| 090 |
_a13679495 _c13679495 |
||
| 100 | _a20250725d2025 u y0rusy50 ca | ||
| 101 | 0 | _arus | |
| 102 | _aRU | ||
| 105 | _aa|||z|||000yy | ||
| 181 | 0 |
_ai3 _baxxe |
|
| 182 | 0 | _an | |
| 200 | 1 |
_aТехнологические карты образовательной деятельности по формированию алгоритмических умений у старших дошкольников к методическому комплекту "Добро пожаловать в "Алгоритмический экспресс" в комплекте с роботом и без" _eпрактическое пособие _fС. М. Струкова, М. И. Штерман, Е. В. Ермолаева [и др.] _gСтруктурное подразделение "Детский сад "Лукоморье" Государственного бюджетного общеобразовательного учреждения Самарской области средней общеобразовательной школы "Образовательный центр "Южный город", пос. Придорожный муниципального района Волжский Самарской области |
|
| 203 |
_aТекст _bвизуальный _cнепосредственный |
||
| 210 |
_aСамара _cНаучно-технический центр _d2025 |
||
| 215 |
_a120, [1] с. _cтабл. _d21 |
||
| 300 | _aАвт. указаны на обороте тит. с. в макете | ||
| 300 | _aДоп. информ. в ссылках QR-кодов кн. | ||
| 320 | _aБиблиогр.: с. 120 (8 назв.) | ||
| 488 | 0 |
_12001#$aДобро пожаловать в "Алгоритмический экспресс" в комплекте с роботом и без$eметодический комплект _tДобро пожаловать в "Алгоритмический экспресс" в комплекте с роботом и без |
|
| 606 | 1 |
_aРоботы _jПрактические пособия _xИзучение в дошкольных учреждениях _92461846 _3RU\NLR\AUTH\6601680271 |
|
| 606 | 1 |
_aДошкольники _jПрактические пособия _xОзнакомление с алгоритмикой _92681533 _3RU\NLR\AUTH\6601761430 |
|
| 686 | 1 | _aЧ411.375.5я7 | |
| 686 | 1 | _aЧ411.381я7 | |
| 701 | 1 |
_aСтрукова _bС. М. _gСветлана Михайловна |
|
| 701 | 1 |
_aШтерман _bМ. И. _gМарина Игоревна |
|
| 701 | 1 |
_aЕрмолаева _bЕ. В. _cметодист дошкол. образования, дефектолог _gЕлена Викторовна _9197395 _3RU\NLR\AUTH\770197446 |
|
| 712 | 0 | 2 |
_4570 _a"Лукоморье", детский сад _cпос. Придорожный, Самарская обл. _92671820 _3RU\NLR\AUTH\880629523 |
| 942 | _cBOOK | ||
| 980 | _aNB | ||